| 000 | 01317nam a22004217a 4500 | ||
|---|---|---|---|
| 001 | BR2022001017 | ||
| 003 | BR-BrBNA | ||
| 005 | 20230928105704.0 | ||
| 007 | ta | ||
| 008 | 230509b bl.||||| |||| 00| 0 por d | ||
| 040 |
_aBR-BrBNA _bpor _cBiblioteca Nacional de Agricultura |
||
| 041 | _a(Por) | ||
| 072 | _aS40; E10; E14 | ||
| 090 | _ S40 BR2022001017 | ||
| 110 | 1 | _aConselho Nacional de Segurança Alimentar e Nutricional, Brasília, DF (Brasil) | |
| 245 | 1 |
_aComida de verdade no campo e na cidade _bEncontros Temáticos Preparatórios da 5. Conferência Nacional de Segurança Alimentar e Nutricional: Cartas Públicas |
|
| 260 | 3 |
_aBrasília, DF (Brasil): _c2015. |
|
| 300 | _a40 p. | ||
| 500 | _a1 illus. | ||
| 650 | _aNUTRIÇÃO HUMANA | ||
| 650 | _aPROGRAMA DE NUTRIÇÃO | ||
| 650 | _aSEGURANÇA ALIMENTAR | ||
| 650 | _aPOLÍTICAS PÚBLICAS | ||
| 650 | _aABASTECIMENTO | ||
| 650 | _aESTOQUE REGULADOR | ||
| 650 | _aPOLÍTICA AGRÍCOLA | ||
| 650 | _aPLANEJAMENTO | ||
| 650 | _aPRODUÇÃO AGRÍCOLA | ||
| 650 | _aFINANCIAMENTO | ||
| 650 | _aCRÉDITO | ||
| 650 | _aASSISTÊNCIA TÉCNICA | ||
| 650 | _aEXTENSÃO RURAL | ||
| 650 | _aMEIO AMBIENTE | ||
| 650 | _aDESENVOLVIMENTO RURAL | ||
| 650 | _aSOCIOLOGIA RURAL | ||
| 909 |
_a202309 _bLucia _c55 _dLucia Elande |
||
| 942 | _cBK | ||
| 999 |
_c86209 _d86209 |
||